• 首页
  • 本馆介绍
  • 公告通知
  • 最新文献
  • 馆藏检索
  • 电子资源
  • 读者导购
  • 参考咨询
  • 我的图书馆
  • 登录
  • 详细信息显示
  • 放入我的书架
  • 预约/预借图书
  • 作者相关作品
  • 分类相关作品
  • 丛书相关作品
  • 出版社相关作品

书目信息

  • 表格格式
  • 工作单格式
  • 卡片格式
题名:
中国指导案例、参考案例判旨总提炼
    
 
作者: 胡凤滨 主编
分册: 二   合同纠纷
出版信息: 北京   法律出版社  2012.03
页数: 25,453页
开本: 23cm
丛书名: 中国指导案例、参考案例判旨总提炼丛书
单 册:
中图分类: D920.5 , D925.105
科图分类:
主题词: 案例--中国--现代--汇编 , 合同纠纷--审判--案例--中国--现代--汇编 , 案例 , 合同纠纷 , 审判
电子资源:
ISBN: 978-7-5118-2949-8
000 01176oam2 2200325 450
001 005423683
005 20130608084403.87
010    @a978-7-5118-2949-8@dCNY65.00
035    @a005786253
100    @a20120529d2012 em y0chiy0110 ea
101 0  @achi
102    @aCN@b110000
105    @ay zn 000yy
106    @ar
200 1  @a中国指导案例、参考案例判旨总提炼@9zhong guo zhi dao an li、can kao an li pan zhi zong ti lian@i合同纠纷@h二@i买卖合同、国际商事合同、租赁合同@f胡凤滨主编@g《中国指导案例》编委会编
210    @a北京@c法律出版社@d2012.03
215    @a25,453页@d23cm@e1光盘
225 1  @a中国指导案例、参考案例判旨总提炼丛书@v05
307    @a附光盘:ISBN 978-7-900739-95-7
330    @a本书收录整理了两高公报关于国内买卖合同、国际商事合同、行纪合同、居间合同、租赁合同和承包经营合同等纠纷的司法审判案例及全国各地法院审理的相关指导性案例。
606 0  @a案例@y中国@z现代@j汇编
606 0  @a合同纠纷@x审判@x案例@y中国@z现代@j汇编
606 0  @a案例
606 0  @a合同纠纷
606 0  @a审判
690    @aD920.5@v5
690    @aD925.105@v5
701  0 @a胡凤滨@9hu feng bin@f(1956~)@4主编
801  0 @aCN@bNLC@c20121016
905    @dD920.5@e1005:2
    
    中国指导案例、参考案例判旨总提炼.合同纠纷.二.买卖合同、国际商事合同、租赁合同/胡凤滨主编/《中国指导案例》编委会编.-北京:法律出版社,2012.03
    25,453页;23cm+1光盘.-(中国指导案例、参考案例判旨总提炼丛书;05)
    
    
    ISBN 978-7-5118-2949-8:CNY65.00
    本书收录整理了两高公报关于国内买卖合同、国际商事合同、行纪合同、居间合同、租赁合同和承包经营合同等纠纷的司法审判案例及全国各地法院审理的相关指导性案例。
●
相关链接 在E读中查询图书 在五车中查询图书 在当当中查询图书 在豆瓣中查询图书


正题名:中国指导案例、参考案例判旨总提炼     索取号:D920.5/1005:2         预约/预借

序号 登录号 条形码 馆藏地/架位号 状态 备注
1 0543388   205433887   第一样本阅览室/ [索取号:D920.5/1005:2] 在馆    
2 0543389   205433896   密集书库-史法系/ [索取号:D920.5/1005:2] 在馆    
3 0543391   205433912   第一借阅区/ [索取号:D920.5/1005:2] 在馆    
唐山师范学院图书馆 欢迎您!
大连网信软件有限公司© 版权所有